Adsorption of Ar and N[2] on Dealuminated Mordenite Tuffs; Procedia Chemistry; Vol. 15 : Chemistry and Chemical Engineering in XXI century (CCE 2015)

Bibliografiske detaljer
Parent link:Procedia Chemistry
Vol. 15 : Chemistry and Chemical Engineering in XXI century (CCE 2015).— 2015.— [P. 65-71]
Institution som forfatter: Национальный исследовательский Томский политехнический университет (ТПУ) Институт природных ресурсов (ИПР) Кафедра технологии органических веществ и полимерных материалов (ТОВПМ)
Andre forfattere: Ortega K. Karla, Hernandez M. A. Miguel Angel, Portillo R. Roberto, Ayala E. Edgar, Romero Omar, Rojas F. Fernando, Rubio E. Efrain, Pestryakov A. N. Aleksey Nikolaevich, Petranovskii V. Vitalii
Summary:Title screen
This paper describes the adsorption of nitrogen and argon on pores in natural mordenites before and after acid leaching treatment. The exchange with H{+} ions during dealumination favors the creation of emergent pores thus causing an increase of the adsorption capacity. The development of nanopores in mordenites was evaluated through the Dubinin-Astakhov and Barrett-Joyner-Halenda methods.
Режим доступа: по договору с организацией-держателем ресурса
Sprog:engelsk
Udgivet: 2015
Fag:
Online adgang:http://dx.doi.org/10.1016/j.proche.2015.10.010
http://earchive.tpu.ru/handle/11683/14872
Format: Electronisk Book Chapter
KOHA link:https://koha.lib.tpu.ru/cgi-bin/koha/opac-detail.pl?biblionumber=645306

MARC

LEADER 00000nla2a2200000 4500
001 645306
005 20240125104758.0
035 |a (RuTPU)RU\TPU\network\10390 
035 |a RU\TPU\network\10389 
090 |a 645306 
100 |a 20151215a2015 k y0engy50 ba 
101 0 |a eng 
105 |a y z 100zy 
135 |a drcn ---uucaa 
181 0 |a i  
182 0 |a b 
200 1 |a Adsorption of Ar and N[2] on Dealuminated Mordenite Tuffs  |f K. Ortega [et al.] 
203 |a Text  |c electronic 
300 |a Title screen 
320 |a [References: р. 71 (8 tit.)] 
330 |a This paper describes the adsorption of nitrogen and argon on pores in natural mordenites before and after acid leaching treatment. The exchange with H{+} ions during dealumination favors the creation of emergent pores thus causing an increase of the adsorption capacity. The development of nanopores in mordenites was evaluated through the Dubinin-Astakhov and Barrett-Joyner-Halenda methods. 
333 |a Режим доступа: по договору с организацией-держателем ресурса 
461 0 |0 (RuTPU)RU\TPU\network\3889  |t Procedia Chemistry 
463 0 |0 (RuTPU)RU\TPU\network\10324  |t Vol. 15 : Chemistry and Chemical Engineering in XXI century (CCE 2015)  |o XVI International Scientific Conference dedicated to Professor L.P. Kulyov, 25-29 May 2015, Tomsk, Russia  |f National Research Tomsk Polytechnic University (TPU) ; ed. E. I. Korotkova  |v [P. 65-71]  |d 2015 
610 1 |a электронный ресурс 
610 1 |a труды учёных ТПУ 
610 1 |a мордениты 
610 1 |a туфы 
610 1 |a аргон 
610 1 |a азот 
610 1 |a адсорбция 
610 1 |a деалюминирование 
701 1 |a Ortega  |b K.  |g Karla 
701 1 |a Hernandez  |b M. A.  |g Miguel Angel 
701 1 |a Portillo  |b R.  |g Roberto 
701 1 |a Ayala  |b E.  |g Edgar 
701 1 |a Romero  |b Omar 
701 1 |a Rojas  |b F.  |g Fernando 
701 1 |a Rubio  |b E.  |g Efrain 
701 1 |a Pestryakov  |b A. N.  |c Chemist  |c Professor of Tomsk Polytechnic University, Doctor of Chemical Science  |f 1963-  |g Aleksey Nikolaevich  |3 (RuTPU)RU\TPU\pers\30471  |9 14796 
701 1 |a Petranovskii  |b V.  |g Vitalii 
712 0 2 |a Национальный исследовательский Томский политехнический университет (ТПУ)  |b Институт природных ресурсов (ИПР)  |b Кафедра технологии органических веществ и полимерных материалов (ТОВПМ)  |3 (RuTPU)RU\TPU\col\18659 
801 2 |a RU  |b 63413507  |c 20161121  |g RCR 
856 4 |u http://dx.doi.org/10.1016/j.proche.2015.10.010 
856 4 |u http://earchive.tpu.ru/handle/11683/14872 
942 |c CF